00776 2200301 4500001002100000005001500021035002000036007000300056008004100059040001700100100002700117245004500144250001200189300003100201020002200232041000800254082001000262084001600272090002100288260003000309650001100339700002600350850001000376990002100386990002100407990002100428990002500449INLIS00000000000309020260529073517 a0010-0321000053ta260529 0  aSBPUPADbind0 aLarasati Ratnaningtyas1 aMomiji Mahir Berbahasa Jepang Tanpa Guru a.-cet.1 a258 hlm. :bilus. ;c22 cm a978-979-29-5152-30 aind a495.6 a459.6 LAR m a459.6 LAR m 15-2 a.--Jakarta :bAndi,c2015 4aBahasa0 aeditor,Arie Prabawati aPUPAD a25344/B/DPK/2009 a25345/B/DPK/2017 a25342/B/DPK/2017 a22.304/KAPD/PDG/2016